Kointegrační testy v ekonomii

Zhrnutie a porovnanie najviac používaných jednorovnicových kointegračných testov. Rozšírený Dickey-Fullerov test. Durbin-Hausmanova štatistika. Kointegračné testy pomocou simulácie Monte Carlo.

Guardado en:
Detalles Bibliográficos
Autor principal: Mariel, Petr
Formato: Capítulo de libro
Lenguaje:checo
Materias:
Etiquetas: Agregar Etiqueta
Sin Etiquetas, Sea el primero en etiquetar este registro!

MARC

LEADER 00000naa a2200000 4500
001 r020556
005 20221205102502.2
041 0 |a cze 
044 |a CZ 
245 1 0 |a Kointegrační testy v ekonomii  |c P. Mariel 
520 |a Zhrnutie a porovnanie najviac používaných jednorovnicových kointegračných testov. Rozšírený Dickey-Fullerov test. Durbin-Hausmanova štatistika. Kointegračné testy pomocou simulácie Monte Carlo. 
610 2 0 |a metódy štatistické 
610 2 0 |a testy 
610 2 0 |a simulácia 
610 2 0 |a modely ekonometrické 
610 2 0 |a metóda Monte Carlo 
100 1 |a Mariel, Petr